América Latina más allá de sus antinomias /

সংরক্ষণ করুন:
গ্রন্থ-পঞ্জীর বিবরন
প্রধান লেখক: Ainsa Amigues, Fernando, 1937-
বিন্যাস: অজ্ঞাত
ভাষা:Spanish
বিষয়গুলি:
ট্যাগগুলো: ট্যাগ যুক্ত করুন
কোনো ট্যাগ নেই, প্রথমজন হিসাবে ট্যাগ করুন!

MARC

LEADER 000000000a22000000004500
001 002993
041 0 |a spa 
082 0 4 |a A863.09   |b A292a 
100 1 |a Ainsa Amigues, Fernando,   |d 1937- 
245 1 0 |a América Latina más allá de sus antinomias /   |c Fernando Ainsa Amigues. 
650 4 |a LITERATURA LATINOAMERICANA 
650 4 |a HISTORIA Y CRITICA 
650 4 |a IDENTIDAD EN LA LITERATURA 
773 0 |d [México] :   |b UNAM  |t Cuadernos Americanos Nueva Época  |g volumen 2, número 32, páginas 33-48 
942 |c ARC 
999 |c 9972  |d 9972